000 01044nam a22003137a 4500
003 CHAP
005 20220329133605.0
008 971013s1993 r 00010 d
010 _a8286
011 _a9258
035 _a8492
040 _cCHAP
090 _aTesis
100 0 0 _aHerrera Arriaga, Javier.
_954824
245 _aModelo de transporte con la técnica de programacion lineal aplicado al cultivo de trigo
260 _aChapingo, Méx. :
_bEl autor,
_c1993
300 _a59 h.
_e+ anexo
502 _aTesis (Ing. Agr. Esp. en Economía Agrícola) -- UACH. Departamento de Economía Agrícola
590 _aALEPH
_b10
_c20130110
_lUCH01
_h1222
590 _aBATCH-UPD
_b10
_c20130110
_lUCH01
_h1948
590 _aBATCH-UPD
_b10
_c20130410
_lUCH01
_h1310
590 _aBATCH-UPD
_b10
_c20130914
_lUCH01
_h1611
590 _aCONVERSION
_b10
_c20130109
_lUCH01
_h1306
650 1 4 _aProgramación lineal.
_992371
650 1 4 _aTrigo
_xTransporte.
_9115112
901 _aBK
942 _cTESIS
949 _bBC
_cTES
_d-18699
_eTS1
_h26373
_i8492
_si
999 _c8286
_d8286